Vista normal
Vista MARC
Entrada Personal Name
Número de registros utilizados en: 1
001 - CONTROL NUMBER
- control field: 17552
003 - CONTROL NUMBER IDENTIFIER
- control field: DLC
005 - DATE AND TIME OF LATEST TRANSACTION
- control field: 20251003132856.0
008 - FIXED-LENGTH DATA ELEMENTS
- fixed length control field: 960703n| azannaabn |n aaa
010 ## - LIBRARY OF CONGRESS CONTROL NUMBER
- LC control number: n 96065102
035 ## - SYSTEM CONTROL NUMBER
- System control number: (OCoLC)oca04112742
040 ## - CATALOGING SOURCE
- Original cataloging agency: DLC
- Language of cataloging: spa
- Description conventions: rda
- Transcribing agency: Mx-PuUPA
- Modifying agency: MoSU
- Modifying agency: Mx-PuUPA
046 ## - SPECIAL CODED DATES
- Birth date: 19441105
- Source of date scheme: edtf
100 1# - HEADING--PERSONAL NAME
- Personal name: Crosby, John F.,
- Dates associated with a name: 1944-
370 ## - ASSOCIATED PLACE
- Associated country: Estados Unidos
- Other associated place: Steubenville (Ohio)
- Source of term: naf
372 ## - FIELD OF ACTIVITY
- Field of activity: Filosofía
- Field of activity: Matrimonio - Aspectos morales y éticos
- Source of term: lcsh
373 ## - ASSOCIATED GROUP
- Associated group: Universidad Franciscana de Steubenville
- Source of term: naf
374 ## - OCCUPATION
- Occupation: Miembros del profesorado universitario y de la facultad
- Source of term: lcdgt
374 ## - OCCUPATION
- Occupation: Autor
375 ## - GENDER
- Gender: hombre
- Source of term: lcdgt
377 ## - ASSOCIATED LANGUAGE
- Language code: eng
670 ## - SOURCE DATA FOUND
- Source citation: The selfhood of the human person, 1996:
- Information found: CIP title page (John F. Crosby) data sheet (born November 5, 1944)
670 ## - SOURCE DATA FOUND
- Source citation: The personalism of John Paul II, 2019:
- Information found: title page (John F. Crosby) back cover (John F. Crosby is senior fellow at the Hildebrand Project and professor of philosophy at Franciscan University of Steubenville)